| 000 | 00558nam a2200181 a 4500 | ||
|---|---|---|---|
| 005 | 20240808063839.0 | ||
| 008 | 991125s1983 mx 000 0 spa u | ||
| 020 | _a9681202104 | ||
| 035 | _aUPN01000005678 | ||
| 049 | _aCE | ||
| 050 | 4 |
_aZ688.5 _bE5.3 |
|
| 100 | 1 | _aEnciso de Gallardo, Berta | |
| 245 | 1 | 3 |
_aLa biblioteca : _bbibliosistemática e información / _cBerta Enciso. |
| 260 |
_aMéxico : _bEl Colegio de México, Biblioteca Daniel Cosío Villegas, _c1983. |
||
| 300 |
_a142 p. : _bdiagrs. |
||
| 650 | 4 |
_aANALISIS DE SISTEMAS _96265 |
|
| 905 | _aLibro | ||
| 999 |
_c5678 _d5678 |
||